000 00524nam a2200181Ia 4500
003 GCL
008 140319s9999 xx 000 0 eng d
040 _aGCL /
_cGCL
082 0 4 _a620.112
_bK A
100 1 _aKHURMI, R.S.
245 1 0 _aAPPLIED MACHANICS AND STRENGTH OF MATERIALS /
_cKHURMI, R.S.
260 _a[S.N] :
_bNERJA CONSTRUCTION & DEVELOPMENT ،
_c1989
300 _a830 P
650 0 4 _aالتحليل الرياضى
650 0 4 _aMECHANICS ENGINEERING
650 0 4 _aMATERIALS ENGINEERING
942 _2ddc
_cBK
999 _c20109
_d20109